World Map with 10 Extra Borders #13 - Statistics

General Stats
  • This quiz has been taken 1,934 times
  • The average score is 8 of 10
Answers on the Map
Answers color-coded by a green-red scale on the quiz's map according to % correct below.
 
Answer Stats
Country % Correct
Venezuela
95%
Saudi Arabia
94%
Zimbabwe
92%
Ireland
85%
North Korea
85%
Cameroon
83%
Myanmar
83%
Ukraine
82%
Senegal
68%
Cuba
58%
No matching quizzes found
Score Distribution
Percent of People with Each Score
Percentile by Number Answered
Your Score History
You have not taken this quiz